Hospital del Sagrado Corazón : obra social de la Caja de Ahorros y Monte de Piedad de Barcelona obra social de la Caja de Ahorros y Monte de Piedad de Barcelona
Descripción Física:
[14] f. : fot. ; 23 cm
Materias:
Hospital del Sagrado Corazón
MARC
| LEADER | 00000nam a2200000Ia 4500 | ||
|---|---|---|---|
| 001 | 19146 | ||
| 008 | 160829s9999 xx 000 0 cat d | ||
| 080 | |a FU-2-56 | ||
| 245 | |a Hospital del Sagrado Corazón : |b obra social de la Caja de Ahorros y Monte de Piedad de Barcelona | ||
| 260 | |a Sabadell : |b M. Martí, [1976 ?] | ||
| 300 | |a [14] f. : |b fot. ; |c 23 cm | ||
| 590 | |a A la coberta: Años 1879 - 1976. | ||
| 590 | |a Prové de S-323 | ||
| 650 | |a Hospital del Sagrado Corazón |9 48004 | ||
| 901 | |a Arxiu | ||
| 942 | |n 1 | ||
| 952 | |0 0 |1 0 |4 0 |6 FU256 |7 1 |9 54269 |a Arxiu |b Arxiu |d 2016-12-01 |l 0 |o FU-2-56 |p 19146 |r 2016-12-01 00:00:00 |w 2016-12-01 |y ARXIU | ||
| 999 | |c 58138 |d 58138 | ||